|
|
|
|
| LEADER |
00000nab a2200000 ar4500 |
| 001 |
vtls008983540 |
| 003 |
SK-MaSNL |
| 005 |
20260303065335.0 |
| 008 |
070424c20070219xo mr|p|||||||000 b|slo |
| 038 |
|
|
|a SNSK
|
| 040 |
|
|
|b slo
|c SNSK
|e AACR2
|
| 041 |
|
|
|a slo
|
| 044 |
|
|
|a xo
|c SK
|
| 080 |
|
|
|a 681.772
|2 2001
|
| 080 |
|
|
|a 006.015.8
|2 2001
|
| 080 |
|
|
|a 355.404.7
|2 2001
|
| 080 |
|
|
|a 351.745
|2 2001
|
| 080 |
|
|
|a 621.397.42
|2 2001
|
| 245 |
0 |
0 |
|a Kamery už odhalili lupičov
|b Sobrance
|c [autor](van)
|
| 300 |
|
|
|b Fotogr.
|
| 650 |
0 |
7 |
|a kamerový systém
|x monitoring mesta
|2 snsk
|9 1054205
|
| 650 |
0 |
7 |
|a bezpečnosť
|2 snsk
|9 274422
|
| 651 |
|
7 |
|a Sobrance (Slovensko)
|2 snsk
|9 23785
|
| 773 |
0 |
|
|t Nový Čas
|g Roč. 17, č. 41 (19.2.2007), s. 11
|x 1335-4655
|
| 852 |
|
|
|a SNSK
|b KIS3GCP
|
| 999 |
|
|
|c 1750839
|d 1752769
|